| 000 | 00749nam a22002057a 4500 | ||
|---|---|---|---|
| 003 | BD-DhUL | ||
| 005 | 20230503103126.0 | ||
| 008 | 230405s2021 bg a|||| |||| 00| 0 ben | ||
| 020 | _a9789849451372 (hbk) | ||
| 040 |
_aBD-DhUL _cBD-DhUL |
||
| 082 |
_a891.4430872 _bFEK |
||
| 100 | 1 | _aফেরদৌস, গালিব | |
| 245 | 0 | 0 |
_aকুতুব মামা সমগ্র / _cগালিব ফেরদৌস । |
| 260 |
_aঢাকা : _bসাম্প্রতিক, _c২০২১ । |
||
| 300 |
_a১২৮ পৃ. : _bচিত্র ; _c২২ সেমি. |
||
| 365 |
_aBDT _b250.00 |
||
| 650 | 4 | _aবাংলা গোয়েন্দা গল্প । | |
| 650 | 4 | _aBengali detective story. | |
| 942 |
_2ddc _cBK |
||
| 999 |
_c258221 _d258221 |
||